000 01612nam0a22003131 4500
001 rc\644693
005 20260405073257.0
035 _a(NLR Aleph) 005885492
090 _a6122606
_c6122606
100 _a20031121d1986 |||y0rusy50 ca
101 0 _arus
102 _aRU
105 _aa |||||||||
200 1 _aДрис Шрайби
_eНовое время в магрибинской литературе
_fАН СССР, Ин-т востоковедения
210 _aМ.
_cНаука
_d1986
215 _a259, [3] с.
_cпортр.
_d20
225 1 _aПисатели и ученые Востока
320 _aПроизведения Дриса Шрайби и лит. о нем: с. 261
327 0 _aВ кн. также: Рассказы из книги "Со всех горизонтов"; Из романа "Вас навестит друг" / Дрис Шрайби
464 0 _12001#$aРассказы из книги "Со всех горизонтов"
_1700#1$aШрайби$bД.$gДрис
_tРассказы из книги "Со всех горизонтов"
_aШрайби, Дрис
464 0 _12001#$aИз романа "Вас навестит друг"
_1700#1$aШрайби$bД.$gДрис
_tИз романа "Вас навестит друг"
_aШрайби, Дрис
600 1 _aШрайби
_bД.
_gДрис
_2psbo
700 1 _8rus
_7ca
_aПрожогина
_bС. В.
_f1938-
_gСветлана Викторовна
_3RU\NLR\AUTH\7725534
_98581
801 0 _aRU
_bNLR
_gpsbo
801 1 _aRU
_bELAR
_2rusmarc
852 _aNLR
_j86-3/2973
942 _cBOOK
980 _aNB